Movies Quiz

Random Movies or Marvel Quiz

MCU Behind the Scenes Quiz Stats

 Plays Quiz Updated Aug 9, 2019

Score 0/23 Timer 07:00
0 Plays Today
% Correct
Thor
96.1%
Iron Man 3
95.6%
Doctor Strange
95%
Iron Man 2
94.8%
Iron Man
94.7%
Guardians of the Galaxy
94.4%
Spider-Man: Homecoming
94.3%
Captain America: The First Avenger
93.7%
Avengers: Endgame
93.5%
The Avengers
92.9%
Guardians of the Galaxy Vol. 2
92.6%
Avengers: Infinity War
92.6%
% Correct
Captain Marvel
92.5%
Spider-Man: Far From Home
92.4%
Ant-Man and the Wasp
92.2%
Thor: Ragnarok
92.1%
Captain America: The Winter Soldier
91.3%
Avengers: Age of Ultron
91.3%
Black Panther
89.6%
Captain America: Civil War
88.1%
Ant-Man
85.8%
Thor: The Dark World
82.9%
The Incredible Hulk
81.3%

You're not logged in!

Compare scores with friends on all Sporcle quizzes.
OR
Log In

Sporcle TV

Today on Sporcle TV


Watch our educational content, quiz creation guides, and fun videos on Sporcle TV.

Show Comments

Extras

Top Quizzes Today


Score Distribution

Your Account Isn't Verified!

In order to create a playlist on Sporcle, you need to verify the email address you used during registration. Go to your Sporcle Settings to finish the process.

Report this User

Report this user for behavior that violates our Community Guidelines.

Details: